| 000 | 00588nam a2200229Ia 4500 | ||
|---|---|---|---|
| 003 | OSt | ||
| 005 | 20220924132135.0 | ||
| 006 | a|||||r|||| 00| 0 | ||
| 007 | ta | ||
| 008 | 220923b |||||||| |||| 00| 0 hin d | ||
| 024 | _a26170 | ||
| 037 | _cTextual | ||
| 040 |
_aARTS _cARTS _bhin |
||
| 041 |
_2hin _ahin |
||
| 082 | _aQ12-13, J2 (-) | ||
| 100 |
_aBhagawat Acharya _9203869 |
||
| 245 | 0 | _aSamveda aur yajurveda bhasya ki prastavana | |
| 260 | _c1952 | ||
| 650 | _aRELIGION | ||
| 942 |
_hQ12-13, J2 (-) _cTEXL _2CC |
||
| 999 |
_c429453 _d429453 |
||